| 000 | 01446cam a2200397 i 4500 | ||
|---|---|---|---|
| 001 | 17791697 | ||
| 003 | OSt | ||
| 005 | 20180117090006.0 | ||
| 007 | ta | ||
| 008 | 130527s2013 ii ab b 000 0 eng d | ||
| 010 | _a 2013332242 | ||
| 020 | _a9789382381150 (v. 1) | ||
| 020 | _a9382381155 (v. 1) | ||
| 020 | _a9789382381167 (v. 2) | ||
| 020 | _a9382381163 (v. 2) | ||
| 025 | _aI-E-2013-332242; 63-90; 63-09; 63-22 | ||
| 035 | _a(OCoLC)ocn844936404 | ||
| 035 | _a(OCoLC)844936404 | ||
| 037 | _aLibrary of Congress -- New Delhi Overseas Office | ||
| 040 |
_aDKAGE _beng _erda _cDKAGE _dDLC |
||
| 042 |
_alccopycat _alcode |
||
| 043 | _aa-ii--- | ||
| 050 | 0 | 0 |
_aDS485.K27 _bN66 2013 |
| 082 | 0 | 4 |
_a954.6 _223 |
| 100 | 1 |
_aNoorani, Abdul Gafoor Abdul Majeed, _d1930- _eauthor. |
|
| 245 | 1 | 4 |
_aThe Kashmir dispute, 1947-2012 / _cA.G. Noorani. |
| 260 |
_aNew York _bOxford university press _c2014 |
||
| 300 |
_a2 volumes : _billustrations, map ; _c25 cm |
||
| 504 | _aIncludes bibliographical references. | ||
| 651 | 0 |
_aJammu and Kashmir (India) _xPolitics and government _y20th century. |
|
| 651 | 0 |
_aJammu and Kashmir (India) _xPolitics and government _y21st century. |
|
| 906 |
_a7 _bcbc _ccopycat _d3 _encip _f20 _gy-gencatlg |
||
| 942 |
_2ddc _cBK |
||
| 999 |
_c3464 _d3464 |
||